000 01742cam a22003734a 4500
001 13106097
003 OSt
005 20150408114144.0
008 030227s2003 nyua bf 001 0 eng
010 _a 2003044564
020 _a0071406557 (alk. paper)
020 _a9780071634618
040 _aDLC
_cDLC
_dDLC
042 _apcc
082 0 0 _a621.382
_221
_bSCW
100 1 _aSmith, Clint,
_cP.E.
_938124
245 1 0 _aWireless network performance handbook /
_cClint Smith, Curt Gervelis.
260 _aNew York :
_bMcGraw-Hill,
_cc2003.
300 _axvii, 589 p. :
_bill. ;
_c25 cm.
440 0 _aMcGraw-Hill network engineering
_938125
504 _aIncludes bibliographical references (p. 569-572) and index.
650 0 _aWireless communication systems
_xManagement
_vHandbooks, manuals, etc.
_938126
650 0 _aMobile communication systems
_xManagement
_vHandbooks, manuals, etc.
_938127
650 0 _aCell phone systems
_xManagement
_vHandbooks, manuals, etc.
_938128
650 0 _aWireless communication systems
_xDesign and construction
_vHandbooks, manuals, etc.
_938129
650 0 _aMobile communication systems
_xDesign and construction
_vHandbooks, manuals, etc.
_938130
650 0 _aCell phone systems
_xDesign and construction
_vHandbooks, manuals, etc.
_938131
700 1 _aGervelis, Curt.
_938132
856 4 2 _3Contributor biographical information
_uhttp://www.loc.gov/catdir/bios/mh041/2003044564.html
856 4 1 _3Table of contents
_uhttp://www.loc.gov/catdir/toc/mh031/2003044564.html
906 _a7
_bcbc
_corignew
_d1
_eocip
_f20
_gy-gencatlg
942 _2ddc
_cBOOK
999 _c31414
_d265914